00822cam a22002891 4500001001300000003000400013005001700017008004100034010001700075035001900092040005200111042001200163050001500175082000800190086003000198110002900228245007200257260002100329300002600350500001700376504002500393650002300418650002400441700002300465700002700488999001700515gs 49000119 DLC20260227111355.0790220s1948 ksua b s000 0 eng c ags 49000119  a(OCoLC)4672691 aU.S. Geol. Survey. Libr.cNbWaySdOCoLCdKdDLC apremarc00aQE445b.K3 a5520 aE 54.2:R 683/19482ksdocs2 aKansas Geological Survey10aKansas rocks and mineralsc[by] Laura Lu Tolsted and Ada Swineford. aLawrencec[1948] a54 p.billus.c22 cm. aCover title. a"References": p. 50. 0aPetrologyzKansas. 0aMineralogyzKansas.1 aTolsted, Laura Lu.1 aSwineford, Ada,d1917- c28365d28365